| 000 | 01350cam a2200373 a 4500 | ||
|---|---|---|---|
| 999 |
_c533464 _d533464 |
||
| 001 | 15335207 | ||
| 003 | Nust | ||
| 005 | 20200106122202.0 | ||
| 008 | 080618r20081996nyu 000 1 eng | ||
| 010 | _a 2008274255 | ||
| 020 | _a9780340831434 ( pbk.) | ||
| 038 | _aMSOHAIL | ||
| 040 |
_aDLC _cDLC _dDLC |
||
| 043 | _ae-uk-en | ||
| 050 | 0 | 0 |
_aPS3557.E478 _bI5 2008 |
| 082 | 0 | 0 |
_a813.54 _bGEO |
| 100 | 1 |
_aGeorge, Elizabeth, _d1949- _914292 |
|
| 245 | 1 | 0 |
_aIn the presence of the enemy / _cElizabeth George. |
| 250 | _aBantam trade pbk. ed. | ||
| 260 |
_aNew York : _bBantam Books, _c2008. |
||
| 300 |
_a636 p. ; _c21 cm. |
||
| 600 | 1 | 0 |
_aLynley, Thomas _vFiction. _914293 |
| 610 | 1 | 0 |
_aGreat Britain. _bMetropolitan Police Office. _bCriminal Investigation Department _vFiction. _927364 |
| 650 | 0 |
_aHavers, Barbara (Fictitious character) _vFiction. _914294 |
|
| 650 | 0 |
_aWomen detectives _zEngland _vFiction. _927365 |
|
| 650 | 0 |
_aNewspaper editors _zEngland _vFiction. _927366 |
|
| 650 | 0 |
_aWomen politicians _zEngland _vFiction. _927367 |
|
| 650 | 0 |
_aKidnapping _vFiction. _927368 |
|
| 650 | 0 |
_aAcknowledgment of children _vFiction. _927369 |
|
| 655 | 7 |
_aMystery fiction. _2gsafd _95621 |
|
| 906 |
_a7 _bcbc _corigcop _d2 _encip _f20 _gy-gencatlg |
||
| 942 |
_2ddc _cBK |
||